00743nam a2200193 a 45000010005000000030009000050080041000140200015000550400028000700820018000981000043001162450042001592600038002013000011002395050236002506500013004866500027004996500023005267641CO-ViMGA141112s2004 ck r 000 u spa d a8428326428 aCO-ViMGAbspacCO-ViMGA04a333.715 C156m1 aCamp, William G.; Daugherty, Thomas B.10aManejo de nuestros recursos naturales aMadríd (E), cParaninfo, c2000 a400.p. aNuestros recursos naturales Recursos del suelo y de la tierra Recursos hidrográficos Recursos forestales Recursos del reino animal Recursos recreativos al aire libre Recursos energeticos, minerales y del metal Conceptos avanzados14aECOLOGIA14aRECURSOS HIDROGRAFICOS14aRECURSOS NATURALES